| 000 | 00607cam a22002051 4500 | ||
|---|---|---|---|
| 001 | sa 64002660 | ||
| 003 | DLC | ||
| 005 | 20260227112011.0 | ||
| 008 | 730430s1964 xx 000 0 eng | ||
| 010 | _asa 64002660 | ||
| 015 | _aGB64-6881 | ||
| 035 | _a(OCoLC)612326 | ||
| 040 |
_aDLC _cOAkU _dUk _dDLC |
||
| 050 | 0 | 0 |
_aPZ8.1.B535 _bFo |
| 100 | 1 | _aBirla, L N | |
| 245 | 1 | 0 |
_aFolk tales from Rajasthan, _cretold by L. N. Birla. Illustrated by Phani Bhushan. |
| 260 |
_a[Bombay, New York, _bAsia Pub. House, _c1964] |
||
| 300 |
_aviii, 60 p. _bcol. illus. _c25 cm. |
||
| 650 | 0 |
_aTales _zIndia _zRajasthan. |
|
| 999 |
_c57446 _d57446 |
||